Všeobecne záväzné nariadenie obce o miestnych daniach
Právna úprava všeobecne záväzných nariadení obcí o miestnych daniach. Náležitosti všeobecne záväzného nariadenia. Prijímanie všeobecne záväzných nariadení. Nedostatky všeobecne záväzných nariadení obcí. Oprávnenie prokurátora podať protest proti všeobecne záväzným nariadeniam obcí, ktorými bol poruš...
Enregistré dans:
| Auteur principal: | |
|---|---|
| Format: | Chapitre de livre |
| Langue: | slovaque |
| Sujets: | |
| Tags: |
Pas de tags, Soyez le premier à ajouter un tag!
|
MARC
| LEADER | 00000naa a2200000 4500 | ||
|---|---|---|---|
| 001 | 0300531 | ||
| 005 | 20240531085819.0 | ||
| 041 | 0 | |a slo | |
| 044 | |a SK | ||
| 245 | 1 | 0 | |a Všeobecne záväzné nariadenie obce o miestnych daniach |c Anton Ukropec |
| 520 | |a Právna úprava všeobecne záväzných nariadení obcí o miestnych daniach. Náležitosti všeobecne záväzného nariadenia. Prijímanie všeobecne záväzných nariadení. Nedostatky všeobecne záväzných nariadení obcí. Oprávnenie prokurátora podať protest proti všeobecne záväzným nariadeniam obcí, ktorými bol porušený zákon. | ||
| 610 | 2 | 0 | |a obce |
| 610 | 2 | 0 | |a samospráva |
| 610 | 2 | 0 | |a dane miestne |
| 610 | 2 | 0 | |a úpravy právne |
| 610 | 2 | 0 | |a zákony |
| 610 | 2 | 0 | |a legislatíva |
| 100 | 1 | |a Ukropec, Anton | |